|
|
|
|
| LEADER |
00000nkm a2200000 a 4500 |
| 001 |
vtls011565984 |
| 003 |
SK-MaSNL |
| 005 |
20260512124643.0 |
| 007 |
kp bo |
| 008 |
231214s1959 xo g kuslo |
| 015 |
|
|
|a SNBG1959
|
| 035 |
|
|
|a urn:nbn:sk:snk-km00bzkp
|
| 035 |
|
|
|a urn:nbn:sk:snk-km3lovw
|
| 035 |
|
|
|a 83AC9957-3F7F-44C7-8425-5BEA9E313B3A
|
| 040 |
|
|
|a SNK
|b slo
|c SNK
|e AACR2
|
| 041 |
0 |
|
|a slo
|
| 043 |
|
|
|a e-xo---
|
| 044 |
|
|
|a xo
|c SK
|
| 080 |
|
|
|a 908(437.6)
|2 2011
|
| 080 |
|
|
|a (234.374.4)
|2 2011
|
| 080 |
|
|
|a (084.121)
|2 2011
|
| 245 |
0 |
0 |
|a Nízke Tatry
|h grafika
|b Chata Čertovica (1238 m)
|
| 260 |
|
|
|a Martin
|b Osveta
|a Bratislava
|b PŠK
|c 1959
|
| 300 |
|
|
|a 1 pohľadnica
|b čiernobiela
|c 11 x 15 cm
|
| 610 |
2 |
7 |
|a Chata pod Čertovicou (Nízke Tatry, Slovensko)
|2 SNKKA
|9 52769
|
| 651 |
|
7 |
|a Nízke Tatry (Slovensko : pohorie)
|2 SNKPH
|9 173011
|
| 655 |
|
7 |
|a miestne pohľadnice
|2 SNKPH
|9 70510
|
| 852 |
|
|
|a Slovenská národná knižnica
|
| 958 |
|
|
|a GC
|
| 958 |
|
|
|a GBN
|
| 958 |
|
|
|a OND
|
| 999 |
|
|
|c 936799
|d 938729
|
| 952 |
|
|
|a SNK
|b SNK
|y PREZ
|7 0
|p 17A1196735
|o snkSP 10273
|0 0
|1 0
|4 0
|d 2016-07-11
|f 1
|l 0
|r 2026-02-24 09:06:34
|w 2026-02-24
|